| 000 | 00578pam a2200205 a 4500 | ||
|---|---|---|---|
| 001 | 969477 | ||
| 005 | 20180307071412.0 | ||
| 008 | 850411s1987 maua 001 0 eng | ||
| 010 | _a 85009025 | ||
| 020 |
_a0201109565 : _c$29.95 |
||
| 040 |
_aDLC _cDLC _dDLC |
||
| 041 | _aeng | ||
| 080 | _a519.5024658 BEC | ||
| 082 | 0 | 0 |
_a519.5024658 BEC _219 |
| 100 | 1 | _a58 | |
| 101 | _aBIZ | ||
| 245 | 1 | 0 |
_aBusiness and economics statistics with computer applications / _cWilliam E. Becker, Donald L. Harnett. |
| 906 |
_a7 _bcbc _corignew _d1 _eocip _f19 _gy-gencatlg |
||
| 942 |
_2ddc _cBK |
||
| 999 |
_c44294 _d44294 |
||